000 00540naa a2200157 a 4500
001 1814
003 CDMR
005 20130328104936.0
008 130130s ||||||||||||r|||||||||||||||d
040 _aCDMR
_bcat
_cCDMR
100 1 _aDuran i Ventosa, Lluís
_9923
245 1 0 _aL'aportació dels periodistes catalans a la Renaixença Catalana
_b: conferència a Ràdio Barcelona : dia 27 de maig
650 0 4 _aPeriodistes catalans
_y1400-1599
_91356
773 0 _tAssociació de Periodistes de Barcelona
_g1933, II, p.119-132
_w315
942 _cCAP
_2udc
999 _c1814
_d1814